000 00717nam a2200277 i 4500
001
003
005 20220906112236.0
008 901106s1989 sp spa
020 _a8425416620
040 _aBPMSU
_bspa
_cBPMSU
_e
082 _a152.4
_bM425b 1989
_222
100 1 _aMateu, Gregorio
_d1939-
_0
245 1 0 _aBrotes de ternura /
_cGregorio Mateu
_h
260 _aBarcelona :
_bHerder,
_c1989
300 _a381 p. ;
_c22 cm
_b
500 _aIncluye índice
504 _aBibliografía: p. 375-378
590 _6Inventariado, 2021/VM
650 4 _aAlegría
_v
_2
650 4 _aOptimismo.
650 4 _aEmociones.
_v
650 4 _aPsicología positiva.
910 _aVMateo V.
942 _2ddc
_cBK
999 _c13874
_d13874